[Event "Hello Sakk Cup Alekhine"]
[Site "Tornelo INT"]
[Date "2021.02.20"]
[Round "4"]
[White "Gombocz, Zsofia"]
[Black "Pasztor, Balazs"]
[Result "1-0"]
[WhiteElo "2087"]
[BlackElo "2200"]
[PlyCount "111"]
[EventDate "2021.02.20"]
[EventType "tourn (rapid)"]
[EventRounds "7"]
[EventCountry "HUN"]
[SourceTitle "CBM 200 Extra"]
[Source "ChessBase"]
[SourceDate "2021.03.31"]
[SourceVersion "1"]
[SourceVersionDate "2021.03.31"]
[SourceQuality "1"]

1. e4 c5 2. Nf3 d6 3. Bb5+ Nd7 4. d4 cxd4 5. Qxd4 a6 6. Bxd7+ Bxd7 7. 0-0 Nf6 8. Bg5 e5 9. Qd3 Bc6 10. Re1 Be7 11. c4 0-0 12. a4 a5 13. Nc3 Nd7 14. Bxe7 Qxe7 15. Rad1 Nb6 16. b3 Rad8 17. Qe3 Na8 18. Nd5 Bxd5 19. Rxd5 b6 20. Red1 Nc7 21. R5d3 Rb8 22. Rxd6 Rfd8 23. Rxd8+ Rxd8 24. Rxd8+ Qxd8 25. g3 Qd6 26. Nh4 g6 27. Nf3 Ne6 28. Kg2 f6 29. Qd2 Nd4 30. Ne1 Qc6 31. Qd3 Kf7 32. Nc2 Nxc2 33. Qxc2 Qd6 34. Kf3 Qd4 35. Ke2 Ke7 36. Qd3 Qb2+ 37. Kf3 h5 38. Qe3 Qc2 39. Qxb6 Qd3+ 40. Qe3 Qd1+ 41. Kg2 Qc2 42. h4 Ke6 43. Qb6+ Ke7 44. Qb7+ Ke6 45. Qd5+ Ke7 46. c5 g5 47. hxg5 fxg5 48. Qxe5+ Kd7 49. Qd5+ Kc8 50. e5 h4 51. e6 h3+ 52. Kxh3 Qh7+ 53. Kg2 g4 54. c6 Kb8 55. Qe5+ Ka7 56. e7 1-0

[Event "Wch FIDE Online U18 Girls Europe qual"]
[Site "Tornelo INT"]
[Date "2020.12.09"]
[Round "6"]
[White "Gombocz, Zsofia"]
[Black "Hajiyeva, Laman"]
[Result "0-1"]
[WhiteElo "1786"]
[BlackElo "1746"]
[PlyCount "82"]
[EventDate "2020.12.07"]
[EventType "swiss (rapid)"]
[EventRounds "7"]
[EventCountry "ISS"]
[SourceTitle "EXT 2022"]
[Source "ChessBase"]
[SourceDate "2021.10.06"]
[SourceVersion "1"]
[SourceVersionDate "2021.10.06"]
[SourceQuality "1"]

1. e4 c6 2. d4 d5 3. Nc3 dxe4 4. Nxe4 Bf5 5. Ng3 Bg6 6. h4 h6 7. Nf3 Nd7 8. h5 Bh7 9. Bf4 e6 10. Qd2 Ngf6 11. Bd3 Bxd3 12. Qxd3 Qa5+ 13. c3 0-0-0 14. b4 Qa3 15. Bc1 Qa4 16. a3 Bd6 17. Rb1 Rhe8 18. Nd2 e5 19. 0-0 exd4 20. cxd4 Bxg3 21. Qxg3 Nb6 22. Nb3 Nbd5 23. Nc5 Qc2 24. Rb2 Qf5 25. b5 Nxh5 26. Qb3 Nhf4 27. bxc6 b6 28. Bxf4 Nxf4 29. Qc4 Qg4 30. f3 Qg5 31. Qa6+ Kc7 32. Qxa7+ Kd6 33. c7 Ra8 34. c8N+ Kd5 35. Qd7+ Kc4 36. Nxb6+ Kc3 37. Rb3+ Kc2 38. Rc3+ Kxc3 39. Nca4+ Kd3 40. Rd1+ Kc2 41. Qc6+ Kxd1 0-1

[Event "Wch FIDE Online U18 Girls Europe qual"]
[Site "Tornelo INT"]
[Date "2020.12.08"]
[Round "5"]
[White "Beydullayeva, Govhar"]
[Black "Gombocz, Zsofia"]
[Result "1-0"]
[WhiteElo "1924"]
[BlackElo "1786"]
[PlyCount "107"]
[EventDate "2020.12.07"]
[EventType "swiss (rapid)"]
[EventRounds "7"]
[EventCountry "ISS"]
[SourceTitle "EXT 2022"]
[Source "ChessBase"]
[SourceDate "2021.10.06"]
[SourceVersion "1"]
[SourceVersionDate "2021.10.06"]
[SourceQuality "1"]

1. Nf3 d5 2. g3 Nf6 3. c4 d4 4. b4 e6 5. a3 c5 6. b5 Bd6 7. Bg2 e5 8. d3 h6 9. 0-0 0-0 10. e3 a6 11. Nbd2 axb5 12. cxb5 Bd7 13. Qb3 Be6 14. Nc4 Nbd7 15. Nfd2 Rb8 16. b6 Be7 17. Qb5 Nd5 18. Bxd5 Bxd5 19. e4 Bc6 20. Qb3 Kh8 21. Nf3 f6 22. Nh4 Kh7 23. f4 exf4 24. Bxf4 Ra8 25. Nf5 Qe8 26. a4 Ra6 27. a5 h5 28. Qd1 g6 29. Nxe7 Qxe7 30. Bd6 Qg7 31. Bxf8 Qxf8 32. Qf3 Qe7 33. Qf4 Qe6 34. Rae1 Ne5 35. Nxe5 Qxe5 36. Qxe5 fxe5 37. Ra1 Kg7 38. Rfc1 Kf6 39. Rxc5 Ke6 40. Kf2 Kd6 41. Rcc1 Bb5 42. Ke2 Bc6 43. Rf1 Ke6 44. h3 Ke7 45. g4 hxg4 46. hxg4 Bd7 47. g5 Bc6 48. Rf6 Be8 49. Rf2 Bc6 50. Rh2 Kf7 51. Rh7+ Kg8 52. Rc7 Kf8 53. Rxc6 bxc6 54. b7 1-0

[Event "Wch FIDE Online U18 Girls Europe qual"]
[Site "Tornelo INT"]
[Date "2020.12.07"]
[Round "1"]
[White "Konecny, Sophie"]
[Black "Gombocz, Zsofia"]
[Result "0-1"]
[WhiteElo "1714"]
[BlackElo "1786"]
[PlyCount "110"]
[EventDate "2020.12.07"]
[EventType "swiss (rapid)"]
[EventRounds "7"]
[EventCountry "ISS"]
[SourceTitle "EXT 2022"]
[Source "ChessBase"]
[SourceDate "2021.10.06"]
[SourceVersion "1"]
[SourceVersionDate "2021.10.06"]
[SourceQuality "1"]

1. d4 d5 2. Nf3 Nf6 3. g3 e6 4. Bg2 Be7 5. 0-0 0-0 6. c4 c6 7. Qb3 b6 8. Bf4 Ba6 9. Nbd2 Nh5 10. Be3 Nd7 11. Rfe1 f5 12. Ne5 Nxe5 13. dxe5 d4 14. Bf4 g5 15. Bxg5 Bxg5 16. f4 Be7 17. c5 Qd7 18. cxb6 axb6 19. Nc4 Bc5 20. Rad1 Bb5 21. Rd3 Rfb8 22. a3 Ba4 23. Qa2 b5 24. Nd2 b4 25. b3 Bb5 26. Nc4 bxa3 27. Kh1 Ng7 28. e3 Bxc4 29. bxc4 Rb2 30. Qa1 Ra6 31. Red1 Ba7 32. exd4 Rf2 33. c5 Bb8 34. Kg1 Rb2 35. R1d2 Rxd2 36. Rxd2 Ba7 37. Ra2 Bb8 38. Qc3 Bc7 39. Kf2 Ba5 40. Qc4 Ra7 41. Ke3 Bc7 42. Qb3 Ne8 43. Rxa3 Rxa3 44. Qxa3 Bd8 45. Qb3 Nc7 46. Bf3 Nd5+ 47. Kd3 Be7 48. Bxd5 exd5 49. Qb8+ Kg7 50. h4 Bf8 51. Qb6 Be7 52. Qb8 Bf8 53. Qb6 Qe8 54. Qc7+ Kg8 55. Qb7 Qg6 0-1

[Event "EU-ch U16 Girls"]
[Site "Bratislava"]
[Date "2019.08.06"]
[Round "5"]
[White "Gombocz, Zsofia"]
[Black "Yedigaryan, Asya"]
[Result "1/2-1/2"]
[WhiteElo "1981"]
[BlackElo "1602"]
[PlyCount "59"]
[EventDate "2019.08.02"]
[EventType "swiss"]
[EventRounds "9"]
[EventCountry "SVK"]
[SourceTitle "CBM 191 Extra"]
[Source "ChessBase"]
[SourceDate "2019.09.30"]
[SourceVersion "1"]
[SourceVersionDate "2019.09.30"]
[SourceQuality "1"]

1. e4 e6 2. d4 d5 3. Nd2 h6 4. Ngf3 Nf6 5. e5 Nfd7 6. c4 dxc4 7. Nxc4 Nb6 8. Nxb6 axb6 9. Bd3 Nc6 10. 0-0 Be7 11. h3 h5 12. Be3 Nb4 13. Be4 Nd5 14. Nh2 Bd7 15. Qf3 Bc6 16. Qg3 g6 17. Nf3 Rg8 18. h4 Qd7 19. Ng5 Bxg5 20. Bxg5 Ne7 21. Qe3 Rd8 22. Rfd1 Bxe4 23. Qxe4 Qd5 24. Qc2 Rd7 25. Qa4 Qa5 26. Qc4 Qd5 27. Qa4 Qa5 28. Qc4 Qd5 29. Qa4 Qa5 30. Qc4 1/2-1/2